[Event "Novosibirsk State University-ch"]
[Site "Novosibirsk"]
[Date "2007.??.??"]
[Round "1.4"]
[White "Zabaykin, Alexey"]
[Black "Shevchenko, Vitaly"]
[Result "1/2-1/2"]
[WhiteElo "2032"]
[BlackElo "2194"]
[PlyCount "36"]
[EventDate "2007.05.01"]
[EventType "tourn"]
[EventRounds "9"]
[EventCountry "RUS"]
[SourceTitle "EXT 2022"]
[Source "ChessBase"]
[SourceDate "2021.10.06"]
[SourceVersion "1"]
[SourceVersionDate "2021.10.06"]
[SourceQuality "1"]

1. e4 e6 2. d4 d6 3. Nc3 a6 4. Nf3 b5 5. Bd3 Bb7 6. 0-0 b4 7. Ne2 Nf6 8. Ng3 h5 9. h4 Nbd7 10. Bg5 Be7 11. Qd2 c5 12. c3 bxc3 13. bxc3 cxd4 14. cxd4 d5 15. e5 Ne4 16. Qf4 f6 17. exf6 gxf6 18. Nxe4 dxe4 1/2-1/2